In Search of Social Equity in Entrepreneurialism: The Case of Israel’s Municipal Regeneration Agencies
Článok skúma úlohy obcí v izraelskom, štátom vedenom programe obnovy miest, čím prispieva k skúmaniu o rôznych programoch komunálneho podnikania. Izraelský program obnovy miest podporuje zahusťovanie súkromných rezidenčných nehnuteľností stimulovaním obchodov s nehnuteľnosťami medzi vlastníkmi domov...
Uložené v:
| Hlavný autor: | |
|---|---|
| Ďalší autori: | |
| Médium: | Kapitola |
| Jazyk: | English |
| Predmet: | |
| Tagy: |
Žiadne tagy, Buďte prvý, kto otaguje tento záznam!
|
MARC
| LEADER | 00000naa a2200000 4500 | ||
|---|---|---|---|
| 001 | 0291817 | ||
| 005 | 20230331100741.8 | ||
| 041 | 0 | |a eng | |
| 044 | |a GB | ||
| 245 | 1 | 0 | |a In Search of Social Equity in Entrepreneurialism: The Case of Israel’s Municipal Regeneration Agencies |c Yinnon Geva, Gillad Rosen |
| 520 | |a Článok skúma úlohy obcí v izraelskom, štátom vedenom programe obnovy miest, čím prispieva k skúmaniu o rôznych programoch komunálneho podnikania. Izraelský program obnovy miest podporuje zahusťovanie súkromných rezidenčných nehnuteľností stimulovaním obchodov s nehnuteľnosťami medzi vlastníkmi domov a developermi. Je kritizovaný za predátorské praktiky a podnecovanie konfliktov medzi zainteresovanými stranami štátu, trhu a komunity. Ako účinná politická odpoveď na obe kritiky je založenie sprostredkovateľských orgánov – mestských regeneračných agentúr. Uskutočnilo sa 36 rozhovorov a rozsiahla analýza v prípade otázok spravodlivosti s mestskou obnovou. Regeneračné agentúry podporujú vlastníkov domov, zvyšujú reguláciu pri uzatváraní súkromných obchodov a zároveň podporujú podnikateľský rozvoj projektov mestskej obnovy. Autori tvrdia, že ide o model spravodlivého podnikania, umožňujúci obciam znovu potvrdiť svoju pozíciu v izraelskej politike centralizovaného bývania a plánovania. | ||
| 610 | 2 | 0 | |a podnikanie |
| 610 | 2 | 0 | |a rovnosť sociálna |
| 610 | 2 | 0 | |a obchod s nehnuteľnosťami |
| 610 | 2 | 0 | |a samospráva miestna |
| 610 | 2 | 0 | |a agentúry |
| 610 | 2 | 0 | |a Izrael |
| 100 | 1 | |a Geva, Yinnon | |
| 700 | 1 | |a Rosen, Gillad | |